Urdu k Shahkar Afsanay (Record no. 614344)

000 -LEADER
fixed length control field 00410nam a22001457a 4500
082 ## - DEWEY DECIMAL CLASSIFICATION NUMBER
Classification number 891.439309
Author Mark SHA
100 ## - MAIN ENTRY--PERSONAL NAME
Personal name Shareef,Khalid
245 ## - TITLE STATEMENT
Title Urdu k Shahkar Afsanay
260 ## - PUBLICATION, DISTRIBUTION, ETC.
Place of publication, distribution, etc. لاہور:
Name of publisher, distributor, etc. ماوراء پبلشرز,
Date of publication, distribution, etc. 2015
300 ## - PHYSICAL DESCRIPTION
Extent 192p.
563 ## - BINDING INFORMATION
Binding note HB
880 ## - ALTERNATE GRAPHIC REPRESENTATION
Linkage 100-01\(3\r
Title خالد شریف
880 ## - ALTERNATE GRAPHIC REPRESENTATION
Linkage 245-02\(3\r
Title اردو کے شاہکار افسانے
942 ## - ADDED ENTRY ELEMENTS (KOHA)
Source of classification or shelving scheme
Koha item type Book

No items available.

© 2023 Central Library, National University of Sciences and Technology. All Rights Reserved.